[Event "Individual Zaragoza Primera 2015"]
[Site ""]
[Date "2015.09.27"]
[Round "1.34"]
[White "Sanchez Pérez Carlos"]
[Black "Castera Montagud Rafael"]
[Result "0-1"]
[WhiteElo "1534"]
[BlackElo "1727"]

1.e4 e5 2.Nf3 d6 3.d4 exd4 4.Nxd4 Nf6 5.f3 Be7 6.Be3 Nbd7 7.Nf5 Bf8 8.Bc4 Ne5
9.Bb3 a5 10.Nc3 Bxf5 11.exf5 Qd7 12.a4 Qxf5 13.O-O c6 14.Qe2 Be7 15.Rad1 O-O
16.Bf2 Rae8 17.Qd2 d5 18.Ne2 Bd6 19.Ng3 Qd7 20.c3 Ng6 21.Ne2 Re7 22.Bg3 Rfe8
23.Rde1 Bc5+ 24.Kh1 Nh5 25.Bf2 Bxf2 26.Rxf2 Nhf4 27.Kg1 Re3 28.Bd1 Qe7 29.Kf1
Nd3 30.g3 Nxf2 31.Kxf2 Qc5 32.Kg2 Qe7 33.Kf2 Qf6 34.f4 Qe7 35.Rg1 c5 36.f5 Qf6
37.Qxd5 R3e5 38.Qxb7 Rxf5+ 39.Ke1 Ne5 40.Bc2 Nf3+ 41.Kd1 Nxg1 42.Bxf5 Nxe2 43.
Bd7 Qd6+ 44.Kc2 Rd8 45.Bb5 Qd1# 0-1

[Event "Individual Zaragoza Primera 2015"]
[Site ""]
[Date "2015.09.27"]
[Round "1.35"]
[White "Galvez Longas Isaac"]
[Black "Sedano Jover Adrián"]
[Result "1-0"]
[WhiteElo "1718"]
[BlackElo "1534"]

1.c4 e5 2.Nc3 Nc6 3.d3 Nf6 4.Bg5 Be7 5.g3 b6 6.Bg2 Bb7 7.e4 h6 8.Be3 Bb4 9.Ne2
O-O 10.a3 Bxc3+ 11.Nxc3 a5 12.O-O d6 13.f4 Rb8 14.f5 Ba6 15.g4 Nh7 16.Nd5 Ne7
17.f6 Nxd5 18.exd5 Nxf6 19.g5 Nxd5 20.Bxd5 hxg5 21.Qh5 Qd7 22.Rf3 c6 23.Rh3
Qxh3 24.Qxh3 cxd5 25.Bxg5 f6 26.Qe6+ Kh8 27.Bd2 dxc4 28.dxc4 Rfd8 29.Rf1 Rbc8
30.Rf3 Kh7 31.Qf7 1-0

[Event "Individual Zaragoza Primera 2015"]
[Site ""]
[Date "2015.09.27"]
[Round "1.36"]
[White "Enguita Ibarra Hugo"]
[Black "Manguez Cambra José Luis"]
[Result "1/2-1/2"]
[WhiteElo "1506"]
[BlackElo "1712"]

1.e4 d5 2.exd5 Nf6 3.d4 Bg4 4.Be2 Bxe2 5.Nxe2 Qxd5 6.O-O Nc6 7.Nbc3 Qh5 8.Bf4
O-O-O 9.Ng3 Qxd1 10.Raxd1 e6 11.Nb5 Nd5 12.Be3 a6 13.Nc3 Nxc3 14.bxc3 Na5 15.
Rb1 Nc4 16.Ne4 Be7 17.Rb3 Rhe8 18.a4 Na5 19.Rbb1 Nc4 20.Rb3 Na5 21.Rbb1 Nc4
22.Rb3 Na5 1/2-1/2

[Event "Individual Zaragoza Primera 2015"]
[Site ""]
[Date "2015.09.27"]
[Round "1.37"]
[White "Argueso Palomino Manuel"]
[Black "Soriano Martinez Adolfo"]
[Result "1/2-1/2"]
[WhiteElo "1709"]
[BlackElo "1476"]

1.d4 d5 2.Nf3 Nf6 3.Bf4 c6 4.e3 g6 5.Bd3 Bg7 6.Nbd2 Nbd7 7.O-O O-O 8.Re1 Nb6
9.c4 Bg4 10.c5 Bxf3 11.Nxf3 Nbd7 12.Qc2 Ng4 13.Rab1 Qc8 14.b4 e5 15.dxe5 Ngxe5
16.Be2 Nxf3+ 17.Bxf3 Ne5 18.Be2 a6 19.a4 Re8 20.b5 axb5 21.axb5 Qe6 22.bxc6
bxc6 23.h3 Ra5 24.Bxe5 Qxe5 25.Rb6 Qc3 26.Qxc3 Bxc3 27.Rc1 Rxc5 28.Rb3 Bb4 29.
Rxc5 Bxc5 30.Rc3 Bf8 31.Rxc6 Rd8 32.Rc3 Bg7 33.Rd3 d4 34.g3 Bf6 35.Kg2 dxe3
36.Rxe3 Kf8 37.Rf3 Kg7 38.g4 Re8 39.Bc4 Re7 40.Bb3 Rb7 41.Bd5 Re7 42.Ba2 Re2
43.Bb3 Re7 44.Rd3 h6 45.Kg3 g5 46.f4 1/2-1/2

[Event "Individual Zaragoza Primera 2015"]
[Site ""]
[Date "2015.09.27"]
[Round "1.38"]
[White "Lanaspa Ballesteros Federico"]
[Black "Carruez Gracia Eduardo"]
[Result "0-1"]
[WhiteElo "1476"]
[BlackElo "1706"]

1.d4 Nf6 2.Bg5 e6 3.e4 h6 4.Bxf6 Qxf6 5.e5 Qd8 6.Nf3 d5 7.Bd3 c5 8.O-O Qb6 9.
Nc3 Bd7 10.a4 Nc6 11.a5 Nxa5 12.Na4 Bxa4 13.Rxa4 Nc6 14.c4 dxc4 15.dxc5 Qxb2
16.Rxc4 Be7 17.Nd4 O-O 18.Nxc6 bxc6 19.Qf3 Qxe5 20.Qxc6 Rac8 21.Qe4 Qxe4 22.
Bxe4 Rxc5 23.Ra4 a5 24.Rfa1 Rfc8 25.g3 Rc1+ 26.Rxc1 Rxc1+ 27.Kg2 Bb4 28.Kf3
Rc3+ 29.Ke2 Ra3 30.Rxa3 Bxa3 31.g4 g6 32.Bc2 f5 33.h3 Kf7 34.f3 Kf6 35.Bb3 e5
36.Bc2 Kg5 37.gxf5 gxf5 38.Kf2 Kf4 39.Bb1 Bc5+ 40.Kg2 a4 41.Ba2 a3 42.Bb1 e4
43.fxe4 fxe4 0-1

[Event "Individual Zaragoza Primera 2015"]
[Site ""]
[Date "2015.09.27"]
[Round "1.39"]
[White "Gimeno Royo José Andrés"]
[Black "Vallejo Blasco Marta"]
[Result "0-1"]
[WhiteElo "1694"]
[BlackElo "1471"]

1.d4 d5 2.Nf3 c6 3.e3 Nf6 4.Bd3 Bg4 5.Nbd2 e6 6.O-O Be7 7.h3 Bh5 8.c3 Qc7 9.
Qe1 Nbd7 10.e4 dxe4 11.Bxe4 Nxe4 12.Qxe4 Bg6 13.Qe2 O-O 14.Nc4 Bf6 15.Bg5 Bxg5
16.Nxg5 h6 17.Nf3 c5 18.Nce5 Nxe5 19.Nxe5 Bh7 20.dxc5 Rad8 21.Rad1 Rd5 22.Rxd5
exd5 23.Nd3 Bxd3 24.Qxd3 Qxc5 25.Rd1 Rd8 26.Qf5 Rd6 27.Qe5 Rf6 28.Rd2 Re6 29.
Qb8+ Kh7 30.Qxb7 Re1+ 31.Kh2 Qd6+ 32.g3 Qf6 33.Qxd5 g6 34.Kg2 h5 35.h4 Kh6 36.
Qd4 Qc6+ 37.f3 Qe8 38.Kf2 Kh7 39.Qd3 Rh1 40.Re2 Qc8 41.Qd5 Qc7 42.Kg2 Rc1 43.
Re7 Rc2+ 44.Kh3 Qxe7 0-1

[Event "Individual Zaragoza Primera 2015"]
[Site ""]
[Date "2015.09.27"]
[Round "1.40"]
[White "Maisterra Merino Aaron"]
[Black "Lozano Velez De Mendizábal Francisco"]
[Result "1/2-1/2"]
[WhiteElo "1449"]
[BlackElo "1694"]

1.e4 e5 2.Nf3 d6 3.Bc4 Nc6 4.c3 Bg4 5.h3 Bh5 6.b4 Nf6 7.d3 Be7 8.O-O O-O 9.Na3
Qd7 10.Nc2 Rad8 11.Ne3 a6 12.a4 Nb8 13.Bb3 c6 14.c4 c5 15.b5 Qc8 16.Bd2
1/2-1/2

[Event "Individual Zaragoza Primera 2015"]
[Site ""]
[Date "2015.09.27"]
[Round "1.41"]
[White "Balabán Adrián"]
[Black "Miranda Herrera Miguel"]
[Result "1-0"]
[WhiteElo "1690"]
[BlackElo "1318"]

1.e4 d6 2.d4 Nf6 3.Nc3 g6 4.Be3 Bg7 5.Qd2 Ng4 6.Bf4 O-O 7.h3 e5 8.hxg4 exf4 9.
Qxf4 Nc6 10.Nf3 Qf6 11.Qh2 h6 12.g5 Qxf3 13.gxf3 Nxd4 14.O-O-O Nxf3 15.Qg2
Nxg5 16.Nd5 Ne6 17.f4 c6 18.Ne7+ Kh7 19.f5 Ng5 20.Qxg5 1-0

[Event "Individual Zaragoza Primera 2015"]
[Site ""]
[Date "2015.09.27"]
[Round "1.42"]
[White "Garcia Estruch Mauricio"]
[Black "Sanchez Diaz Vicente"]
[Result "0-1"]
[WhiteElo "1275"]
[BlackElo "1683"]

1.Nf3 Nf6 2.c4 d6 3.d4 Nbd7 4.Nc3 e6 5.g3 b6 6.Bg2 Bb7 7.O-O Be7 8.Qc2 O-O 9.
Re1 d5 10.cxd5 exd5 11.e4 dxe4 12.Nxe4 Nxe4 13.Rxe4 Bxe4 14.Qxe4 Bf6 15.Be3
Re8 16.Qc2 Rc8 17.Bh3 c6 18.Rd1 Rc7 19.Bf4 Rc8 20.Ne5 Bxe5 21.dxe5 Re6 22.Bxe6
fxe6 23.Qc4 Qe8 24.Rd6 Nf8 25.Qd3 c5 26.b3 h6 27.h4 Ng6 28.Qc4 Nf8 29.Bd2 b5
30.Qg4 c4 31.bxc4 bxc4 32.Bxh6 Qf7 33.Be3 c3 34.Rd4 Qg6 35.Qe2 c2 36.Rc4 Rxc4
37.Qxc4 Nd7 38.Qc8+ Nf8 39.Bc1 Qd3 40.Ba3 Qxa3 41.Qxc2 Qa5 42.f4 Qd5 43.Qa4 a5
44.Qc2 Kf7 45.h5 g6 46.h6 Qd8 47.Qh2 Kg8 48.g4 Qd1+ 49.Kf2 Qxg4 50.Ke3 Qd1 51.
Ke4 Qa4+ 52.Ke3 Qa3+ 53.Ke4 Qb4+ 54.Ke3 Qc3+ 55.Ke4 Qc4+ 56.Ke3 Qc1+ 57.Ke4
Qb1+ 58.Ke3 Nd7 59.h7+ Kh8 60.Qh6 Qf5 61.Kd4 Nf8 62.Qh2 Nxh7 63.Qd2 g5 64.fxg5
Nxg5 65.Qxa5 Nf3+ 66.Kc4 0-1

[Event "Individual Zaragoza Primera 2015"]
[Site ""]
[Date "2015.10.04"]
[Round "2.1"]
[White "Merin Flores Miguel Angel"]
[Black "Marin Fuertes Angel Maria"]
[Result "1-0"]
[WhiteElo "1732"]
[BlackElo "1871"]

1.d4 Nf6 2.Nf3 e6 3.c4 Bb4+ 4.Nc3 c5 5.Bg5 Bxc3+ 6.bxc3 Qa5 7.Bxf6 Qxc3+ 8.Nd2
gxf6 9.d5 d6 10.Rc1 Qa5 11.Qc2 Na6 12.e4 Nb4 13.Qc3 e5 14.a3 Qb6 15.axb4 cxb4
16.Qe3 Qxe3+ 17.fxe3 b6 18.Bd3 Bd7 19.O-O Ke7 20.Rf2 a5 21.Rcf1 a4 22.Rxf6 Be8
23.c5 bxc5 24.Nc4 a3 25.Rxd6 a2 26.Ra1 f6 27.Rb6 Bd7 28.Kf2 Rhc8 29.Ke1 Rg8
30.Bf1 Rg4 31.Kd2 Rxe4 32.h3 Rh4 33.Rb7 Ke8 34.Nb6 Ra3 35.Nxd7 b3 36.Nxc5 f5
37.Rxb3 Ra5 38.Rc3 Rb4 39.Bd3 Rb2+ 40.Bc2 Rbb5 1-0

[Event "Individual Zaragoza Primera 2015"]
[Site ""]
[Date "2015.10.04"]
[Round "2.2"]
[White "Naya Sancho Juan Manuel"]
[Black "Galvez Longas Isaac"]
[Result "1/2-1/2"]
[WhiteElo "1839"]
[BlackElo "1718"]

1.e4 e6 2.d4 d5 3.Nc3 Bb4 4.exd5 Bxc3+ 5.bxc3 exd5 6.Bd3 Ne7 7.Qh5 Qd6 8.Ne2
Ng6 9.O-O Be6 10.Re1 Nd7 11.a4 Nf6 12.Qg5 h6 13.Qg3 Qxg3 14.Nxg3 Kd7 15.Rb1 b6
16.Nf1 Ne7 17.Ba3 Rhe8 18.f4 g6 19.Nd2 Bf5 20.Bxe7 Rxe7 21.Rxe7+ Kxe7 22.Bxf5
gxf5 23.Re1+ Ne4 24.Nf3 f6 25.Nh4 Ke6 26.g3 h5 27.Kg2 1/2-1/2

[Event "Individual Zaragoza Primera 2015"]
[Site ""]
[Date "2015.10.04"]
[Round "2.3"]
[White "Carruez Gracia Eduardo"]
[Black "Landa Garriga Francisco Javier"]
[Result "1/2-1/2"]
[WhiteElo "1706"]
[BlackElo "1838"]

1.Nf3 Nf6 2.d4 g6 3.c4 Bg7 4.Nc3 O-O 5.e4 d6 6.Be2 e5 7.dxe5 dxe5 8.Qxd8 Rxd8
9.Bg5 Re8 10.Nd5 Nxd5 11.cxd5 c6 12.Bc4 b5 13.Bb3 Bb7 14.Rd1 c5 15.d6 Nd7 16.
Bd5 Rab8 17.O-O a6 18.Be7 Bxd5 19.Rxd5 f6 20.b3 Bf8 21.Rfd1 Kf7 22.Ne1 Rb7 23.
Bxf8 Rxf8 24.Nd3 c4 25.Nc5 Nxc5 26.Rxc5 cxb3 27.axb3 Rd7 28.Rc6 Ra8 29.Ra1 Ke6
30.Raxa6 Rxa6 31.Rxa6 Rxd6 32.Rxd6+ Kxd6 33.b4 f5 34.f3 Ke6 35.Kf2 Kf6 36.g3
1/2-1/2

[Event "Individual Zaragoza Primera 2015"]
[Site ""]
[Date "2015.10.04"]
[Round "2.4"]
[White "Santos Morales Julio César"]
[Black "Balabán Adrián"]
[Result "1-0"]
[WhiteElo "1837"]
[BlackElo "1690"]

1.d4 d5 2.c4 c6 3.Nc3 Nf6 4.Nf3 Bf5 5.Qb3 Qb6 6.Qxb6 axb6 7.cxd5 cxd5 8.e3 Nc6
9.Bb5 e6 10.Ne5 Rc8 11.O-O Bd6 12.f4 Bxe5 13.fxe5 Nd7 14.Bd2 O-O 15.Rac1 Ndb8
16.Rxf5 exf5 17.Nxd5 Na7 18.Ne7+ Kh8 19.Nxc8 Nxb5 20.Nxb6 Nc6 21.g3 h6 22.Kf2
Rd8 23.Ke2 g5 24.a4 Nbxd4+ 25.exd4 Rxd4 26.Rxc6 bxc6 27.Bc3 Re4+ 28.Kf2 Kh7
29.a5 1-0

[Event "Individual Zaragoza Primera 2015"]
[Site ""]
[Date "2015.10.04"]
[Round "2.5"]
[White "Molla Lorente Joaquín"]
[Black "Nedov Octavian"]
[Result "0-1"]
[WhiteElo "1666"]
[BlackElo "1814"]

1.e4 c6 2.d4 d5 3.exd5 cxd5 4.Nf3 a6 5.Bd3 Bg4 6.O-O e6 7.Bf4 Bd6 8.Bxd6 Qxd6
9.Nbd2 Nf6 10.c3 O-O 11.Qc2 Nc6 12.Rfe1 Rac8 13.Be2 b5 14.a4 Rb8 15.axb5 axb5
16.Ra6 Bxf3 17.Nxf3 Qc7 18.Rea1 Nb4 19.Qd1 Nxa6 20.Rxa6 b4 21.Ne5 Rb6 22.Ra1
bxc3 23.bxc3 Qxc3 0-1

[Event "Individual Zaragoza Primera 2015"]
[Site ""]
[Date "2015.10.04"]
[Round "2.6"]
[White "Monge Arrufat José Miguel"]
[Black "Sanchez Vallés José Maria"]
[Result "0-1"]
[WhiteElo "1661"]
[BlackElo "1782"]

1.d4 Nf6 2.c4 e5 3.dxe5 Ng4 4.e4 Nxf2 5.Kxf2 Bc5+ 6.Kg3 Nc6 7.Nf3 O-O 8.Qd5 d6
9.Bg5 Qd7 10.h3 h6 11.exd6 Bxd6+ 12.Bf4 Bxf4+ 13.Kxf4 Qe7 14.Nbd2 Be6 15.Qb5
f6 16.Be2 Qd6+ 17.Ke3 a6 18.Qb3 Qc5+ 19.Kd3 b5 20.a3 bxc4+ 21.Nxc4 Rab8 22.Qc3
Qf2 23.Rae1 Kh7 24.Rhf1 Qc5 25.b4 Qb5 26.Kc2 a5 27.Nxa5 Qa4+ 28.Kd2 Nxa5 29.
bxa5 Rfd8+ 30.Kc1 Rb3 31.Qc5 Rxa3 32.Nd2 Ra1+ 33.Nb1 Ba2 34.Kb2 Rb8+ 35.Kc3
Qb3+ 0-1

[Event "Individual Zaragoza Primera 2015"]
[Site ""]
[Date "2015.10.04"]
[Round "2.7"]
[White "Garcia Lasheras Miguel Angel"]
[Black "Liarte Marinoso Aaron"]
[Result "1-0"]
[WhiteElo "1774"]
[BlackElo "1656"]

1.d4 g6 2.c4 Bg7 3.Nf3 c5 4.Nc3 cxd4 5.Nxd4 Nc6 6.e3 d6 7.Nxc6 bxc6 8.Qc2 Rb8
9.Be2 Nf6 10.O-O O-O 11.b3 Qc7 12.Bb2 Qa5 13.Bf3 Bd7 14.Ne4 Nxe4 15.Bxg7 Kxg7
16.Bxe4 Qg5 17.Qd3 Kg8 18.f4 Qh5 19.f5 Qg5 20.Rf3 Rbe8 21.Rg3 Qf6 22.Rf1 Qg7
23.fxg6 fxg6 24.Bxg6 Rxf1+ 25.Kxf1 Qa1+ 26.Qb1 Qxb1+ 27.Bxb1+ Kh8 28.Be4 Rf8+
29.Ke2 c5 30.Rg5 a5 31.g4 h6 32.Rg6 Rf6 33.Rxf6 exf6 34.Kf3 Kg7 35.Kf4 Kf7 36.
Bf5 Bc6 37.Be4 Bd7 38.Bd5+ Kg6 39.h3 Kg7 40.h4 Bc8 41.g5 fxg5+ 42.hxg5 h5 43.
Bf3 h4 44.Bg4 h3 45.Bxc8 h2 46.Bb7 Kg6 47.Be4+ 1-0

[Event "Individual Zaragoza Primera 2015"]
[Site ""]
[Date "2015.10.04"]
[Round "2.8"]
[White "Arbiol Val Sergio"]
[Black "Garcia Mendez Beatriz"]
[Result "0-1"]
[WhiteElo "1638"]
[BlackElo "1766"]

1.e4 c6 2.d4 d5 3.exd5 cxd5 4.c3 Nf6 5.Bd3 Nc6 6.Bg5 e6 7.Nd2 Bd6 8.Ngf3 O-O
9.O-O e5 10.dxe5 Nxe5 11.Nxe5 Bxe5 12.Re1 Bc7 13.Qf3 Qd6 14.Bxf6 Qxh2+ 15.Kf1
gxf6 16.Qxf6 Qh1+ 17.Ke2 Re8+ 18.Ne4 Qh5+ 19.Kd2 dxe4 20.Bxe4 Be6 21.g4 Qh2
22.g5 Bf4+ 23.Ke2 Bc4+ 24.Kf3 Be5 25.Rh1 Qxh1+ 26.Rxh1 Bxf6 27.gxf6 Re6 28.
Bxh7+ Kf8 29.Rh6 Bd5+ 30.Kg3 Re1 31.Be4 Rg1+ 32.Kf4 0-1

[Event "Individual Zaragoza Primera 2015"]
[Site ""]
[Date "2015.10.04"]
[Round "2.9"]
[White "Miranda Garcia Eduardo"]
[Black "Miranda Blasco Fernando"]
[Result "1-0"]
[WhiteElo "1765"]
[BlackElo "1644"]

1.e4 c6 2.d4 d5 3.e5 Bf5 4.f4 e6 5.Nf3 c5 6.c3 Nc6 7.Be3 cxd4 8.Nxd4 Nxd4 9.
Bxd4 a6 10.Be2 Ne7 11.O-O Nc6 12.Bf2 Be7 13.Nd2 O-O 14.Nb3 Rc8 15.Nd4 Be4 16.
Rc1 Na5 17.Bd3 Bxd3 18.Qxd3 Nc4 19.Rc2 Bh4 20.b3 Nb6 21.f5 Bxf2+ 22.Rcxf2 Qc7
23.fxe6 Qxe5 24.exf7+ Kh8 25.Re2 Qd6 26.Ne6 Nd7 27.Qd4 Nf6 28.Rxf6 Qe7 29.Nxf8
Qxe2 30.Ng6+ hxg6 31.Qh4+ 1-0

[Event "Individual Zaragoza Primera 2015"]
[Site ""]
[Date "2015.10.04"]
[Round "2.10"]
[White "De Pablo Raga Tomás"]
[Black "Iglesias Fernandez Luis"]
[Result "0-1"]
[WhiteElo "1567"]
[BlackElo "1764"]

1.c4 e5 2.Nc3 Nc6 3.g3 f5 4.Bg2 Nf6 5.Bxc6 dxc6 6.d3 Be7 7.Bg5 O-O 8.Qc2 Ng4
9.Bxe7 Qxe7 10.h3 Nh6 11.O-O-O a6 12.e3 b5 13.Nce2 Be6 14.b3 a5 15.c5 b4 16.d4
Bd5 17.Rh2 Be4 18.Qb2 a4 19.dxe5 Qxc5+ 20.Kd2 Rfd8+ 21.Ke1 Rxd1+ 22.Kxd1 Rd8+
23.Ke1 Bc2 24.Nf4 Rd1+ 25.Ke2 Qb5+ 26.Kf3 Be4# 0-1

[Event "Individual Zaragoza Primera 2015"]
[Site ""]
[Date "2015.10.04"]
[Round "2.11"]
[White "Martinez Saenz Esteban"]
[Black "Arrieta Otero Germán"]
[Result "1/2-1/2"]
[WhiteElo "1761"]
[BlackElo "1641"]

1.d4 Nf6 2.Nf3 d5 3.e3 Nc6 4.c4 Bg4 5.Qb3 Na5 6.Qa4+ c6 7.Bd2 Nxc4 8.Bxc4 dxc4
9.Qxc4 Bxf3 10.gxf3 Qd5 11.Qxd5 cxd5 12.Nc3 a6 13.Rc1 e6 14.Na4 Nd7 15.Ke2 Bd6
16.Nc5 Nxc5 17.dxc5 Bc7 18.c6 b5 19.Bc3 f6 20.Rhg1 Kf7 21.h3 Rac8 22.a4 Rb8
23.axb5 Rxb5 24.Ra1 a5 25.Rg4 Ra8 26.Rga4 Ra6 27.b4 Rxc6 28.bxa5 Rxc3 29.a6
Rb2+ 30.Kf1 Rb8 31.a7 Ra8 32.Rb1 Ke7 33.Rb7 Kd6 34.Ra6+ Rc6 35.Ra4 Bb6 36.Rxg7
Rc7 37.Rxc7 Kxc7 38.Rh4 Rxa7 39.Rxh7+ Kd6 40.Rh6 f5 41.h4 Ke7 42.h5 Kf7 43.f4
Bc5 44.Rh7+ Kg8 45.Rh6 Re7 46.Ke2 Ba3 47.Kd3 Bb2 48.f3 Bg7 49.Rg6 Kh7 50.e4
dxe4+ 51.fxe4 Rd7+ 52.Ke3 Bd4+ 53.Kf3 fxe4+ 54.Kxe4 Bc5 55.Ke5 Rd5+ 56.Kxe6
Rxh5 57.f5 Bd4 58.Rg2 Rh6+ 59.Kd5 Bc3 1/2-1/2

[Event "Individual Zaragoza Primera 2015"]
[Site ""]
[Date "2015.10.04"]
[Round "2.12"]
[White "Rodrigo Bordetas David"]
[Black "Abenia Porroche Roberto"]
[Result "1-0"]
[WhiteElo "1754"]
[BlackElo "1634"]

1.e4 e5 2.Nf3 Nc6 3.Bb5 a6 4.Ba4 Nf6 5.O-O b5 6.Bb3 Be7 7.Re1 O-O 8.c3 d5 9.
exd5 Nxd5 10.Nxe5 Nxe5 11.Rxe5 c6 12.Bc2 Bd6 13.Re1 Bxh2+ 14.Kxh2 Qh4+ 15.Kg1
Bg4 16.Bxh7+ Kh8 17.Qc2 Rae8 18.Rxe8 Rxe8 19.Be4 f5 20.d3 fxe4 21.dxe4 Nf6 22.
Be3 Nxe4 23.Nd2 Nxd2 24.Qxd2 Re5 25.Rf1 Rh5 26.f3 Be6 27.Qd4 Qh2+ 28.Kf2 Bxa2
29.Ra1 Bd5 30.Rxa6 Qh4+ 31.Qxh4 Rxh4 32.Bd4 Rh5 33.Ra7 Rg5 34.g4 Rg6 35.Kg3
Be6 36.Rc7 Bd5 37.Kf4 Kg8 38.Kf5 Re6 39.Rxg7+ Kf8 40.f4 Re2 41.b4 Be4+ 42.Kf6
Bd5 43.f5 Ke8 44.Rc7 Kd8 45.Bb6 Ke8 46.Rc8+ 1-0

[Event "Individual Zaragoza Primera 2015"]
[Site ""]
[Date "2015.10.04"]
[Round "2.13"]
[White "Carreras Villagrasa Pablo"]
[Black "Garcia Garcia Enrique"]
[Result "1-0"]
[WhiteElo "1548"]
[BlackElo "1750"]

1.b3 Nf6 2.Bb2 g6 3.f4 d5 4.e3 Bg7 5.Nf3 O-O 6.Nc3 c5 7.Be2 Nc6 8.d3 Ng4 9.Qd2
d4 10.exd4 cxd4 11.Ne4 Ne3 12.Rg1 Nb4 13.Bd1 Nc6 14.h3 e5 15.fxe5 Bxe5 16.Nxe5
Nxe5 17.c3 Qh4+ 18.g3 Qxh3 19.cxd4 N5g4 20.Bxg4 Nxg4 21.O-O-O Qh5 22.Rh1 Qd5
23.Rh4 Qc6+ 24.Kb1 Bf5 25.d5 Qa6 26.Rxg4 Bxe4 27.dxe4 h5 28.Qh6 1-0

[Event "Individual Zaragoza Primera 2015"]
[Site ""]
[Date "2015.10.04"]
[Round "2.14"]
[White "Vallejo Blasco Marta"]
[Black "Martin Pastor Iván"]
[Result "1/2-1/2"]
[WhiteElo "1471"]
[BlackElo "1743"]

1.b3 e5 2.Bb2 Nc6 3.e3 d5 4.Bb5 Bd6 5.Ne2 Ne7 6.a3 O-O 7.O-O a6 8.Bxc6 bxc6 9.
f4 e4 10.Ng3 g6 11.Qe1 Nf5 12.Nxf5 Bxf5 13.Nc3 Be7 14.Ne2 Bf6 15.Bxf6 Qxf6 16.
Qc1 a5 17.b4 Rfb8 18.c3 Bc8 19.Nd4 Ba6 20.Re1 a4 21.Qd1 h5 22.Qxa4 Bb5 23.Qd1
Bd3 24.a4 Ra6 25.a5 Qh4 26.Qa4 Kh7 27.Rec1 1/2-1/2

[Event "Individual Zaragoza Primera 2015"]
[Site ""]
[Date "2015.10.04"]
[Round "2.15"]
[White "Rubio Tello Abel"]
[Black "Peña Gil José Alejandro"]
[Result "1/2-1/2"]
[WhiteElo "1864"]
[BlackElo "1573"]

1.d4 Nf6 2.Nf3 e6 3.Bg5 Be7 4.e3 d5 5.Bd3 c5 6.c3 Nbd7 7.O-O Qc7 8.Nbd2 b6 9.
a4 Bb7 10.Qe2 c4 11.Bc2 h6 12.Bf4 Bd6 13.Bxd6 Qxd6 14.e4 dxe4 15.Nxe4 Qc7 16.
Nxf6+ Nxf6 17.Ne5 Bd5 18.f3 O-O 19.Qf2 Qb7 20.Qh4 Rfe8 21.Rae1 Qe7 22.Re2 Nd7
23.Qg3 Nxe5 24.Rxe5 Qf6 25.f4 Qd8 26.Rh5 Qf6 27.f5 e5 28.Rh4 Re7 29.Rd1 e4 30.
Rf4 Rae8 31.Qe3 a6 32.Rdf1 Bc6 33.R1f2 b5 34.axb5 axb5 35.g4 Ra7 36.Bxe4 Ra1+
37.Kg2 Qe7 38.Kf3 Qh4 39.Kg2 Qe7 40.Kf3 Qh4 41.Kg2 Qe7 42.Kf3 1/2-1/2

[Event "Individual Zaragoza Primera 2015"]
[Site ""]
[Date "2015.10.04"]
[Round "2.16"]
[White "Garcia Artal Obdulio"]
[Black "Zubialde Ayala Gonzalo"]
[Result "1-0"]
[WhiteElo "1643"]
[BlackElo "1851"]

1.d4 f5 2.Bf4 Nf6 3.e3 e6 4.Nd2 c6 5.Be2 d5 6.Ngf3 Nbd7 7.h3 Ne4 8.Nxe4 fxe4
9.Ne5 Nf6 10.O-O Be7 11.c4 O-O 12.c5 Nd7 13.b4 Bf6 14.Nxd7 Bxd7 15.a4 Qe8 16.
Qb3 e5 17.dxe5 Bxe5 18.Bxe5 Qxe5 19.b5 Rab8 20.Rab1 Be6 21.Qd1 Rf6 22.Bg4 cxb5
23.Bxe6+ Qxe6 24.axb5 Rg6 25.h4 Rf8 26.Kh2 Rg4 27.g3 Rf3 28.Kg1 Rxh4 29.c6
bxc6 30.bxc6 Rh5 31.c7 Qh3 32.Qxd5+ Rxd5 33.Rb8+ Kf7 34.c8=Q Rxg3+ 35.fxg3+
1-0

[Event "Individual Zaragoza Primera 2015"]
[Site ""]
[Date "2015.10.04"]
[Round "2.17"]
[White "Garcia Estruch Jorge"]
[Black "Ibañez Lasheras Ramón"]
[Result "1-0"]
[WhiteElo "1847"]
[BlackElo "1680"]

1.e4 e6 2.d4 d5 3.e5 c5 4.c3 Qb6 5.a3 Nc6 6.Nf3 Nh6 7.b4 cxd4 8.cxd4 Nf5 9.Be3
Be7 10.Be2 O-O 11.O-O Bd7 12.Nc3 Qd8 13.Rc1 f6 14.b5 Na5 15.exf6 Bxf6 16.Bf4
Qe7 17.Qa4 b6 18.Bd3 Rac8 19.Bxf5 exf5 20.Nxd5 Qf7 21.Nxf6+ Qxf6 22.Qb4 Qe6
23.a4 Rxc1 24.Rxc1 Bc8 25.Be5 Bb7 26.Rc7 Rf7 27.Rxf7 Qxf7 28.Qd6 Bxf3 29.Qd8+
Qf8 30.Qxf8+ Kxf8 31.gxf3 Nb3 32.Kf1 Kf7 33.Ke2 g5 34.Kd3 Ke6 35.Bb8 Kd5 36.
Bxa7 Nxd4 37.Bxb6 Nxf3 38.a5 Ne5+ 39.Kc3 Nc4 40.Bd8 Nd6 41.Kb4 g4 42.a6 Nc8
43.b6 Ke6 44.a7 1-0

[Event "Individual Zaragoza Primera 2015"]
[Site ""]
[Date "2015.10.04"]
[Round "2.18"]
[White "Salas Calvo Alberto"]
[Black "Abad Viñas Jesús Manuel"]
[Result "0-1"]
[WhiteElo "1670"]
[BlackElo "1810"]

1.d4 e6 2.e4 c5 3.d5 exd5 4.exd5 d6 5.Nc3 Be7 6.Nf3 Nf6 7.Be2 O-O 8.O-O a6 9.
a4 b6 10.Nd2 Bf5 11.Nc4 Nbd7 12.Bf4 Qc7 13.h3 Rfe8 14.Bh2 Bf8 15.f4 Ne4 16.g4
Nxc3 17.bxc3 Be4 18.Rb1 Bxd5 19.Qxd5 Nf6 20.Qf3 d5 21.Nxb6 Rab8 22.a5 c4 23.f5
Qc5+ 24.Kh1 Rbd8 25.Bg1 Qxa5 26.Rfe1 Ne4 27.Ra1 Qb5 28.Bxc4 dxc4 29.Rxe4 Rxe4
30.Qxe4 Qb2 31.Rf1 Qxc3 32.Qxc4 Qxh3+ 33.Bh2 Rd2 34.Qf4 Qg2# 0-1

[Event "Individual Zaragoza Primera 2015"]
[Site ""]
[Date "2015.10.04"]
[Round "2.19"]
[White "Laborda Pérez José Antonio"]
[Black "Ruiz Gutierrez José Manuel"]
[Result "0-1"]
[WhiteElo "1588"]
[BlackElo "1795"]

1.d4 Nf6 2.Nf3 c5 3.Bf4 cxd4 4.Qxd4 Nc6 5.Qd1 g6 6.c3 Bg7 7.e3 d6 8.Be2 O-O 9.
h3 Qb6 10.Qb3 Qc7 11.O-O a6 12.Nbd2 b5 13.Nd4 Na5 14.Nxb5 axb5 15.Qxb5 Ba6 16.
Qxa6 Rxa6 17.Bxa6 Qb6 0-1

[Event "Individual Zaragoza Primera 2015"]
[Site ""]
[Date "2015.10.04"]
[Round "2.20"]
[White "Arias Alvarez Alberto"]
[Black "Lorente Aguar Ruben"]
[Result "1-0"]
[WhiteElo "1785"]
[BlackElo "1668"]

1.e4 e5 2.Nf3 Nc6 3.d4 exd4 4.Nxd4 Bc5 5.Nxc6 bxc6 6.Bd3 d6 7.O-O h6 8.Kh1 Nf6
9.f3 O-O 10.b3 Nh7 11.f4 f5 12.e5 Be6 13.Bb2 Qh4 14.Qe1 Qxe1 15.Rxe1 Rae8 16.
Nd2 g5 17.fxg5 hxg5 18.Bc4 Bxc4 19.Nxc4 g4 20.Na5 Ng5 21.Nxc6 dxe5 22.Nxe5 Bd6
23.Nd7 Rxe1+ 24.Rxe1 Rc8 25.c4 Ne4 26.Nf6+ Nxf6 27.Bxf6 Kf7 28.Bc3 Rg8 29.g3
a6 30.b4 c6 31.Kg2 Rb8 32.c5 Bc7 33.Rd1 Ke6 34.Rd2 Rf8 35.Bg7 Rf7 36.Bh6 Rd7
37.Rxd7 Kxd7 38.h4 gxh3+ 39.Kxh3 Bd8 40.Kg2 Ke6 41.Kf3 Ke5 42.Bg7+ Kd5 43.Kf4
Kc4 44.a3 Kb3 45.Kxf5 a5 46.bxa5 Bxa5 47.Ke6 Bc7 48.Be5 Bd8 49.Kd6 Kc4 50.Kxc6
Bg5 51.Kd6 Kb5 52.c6 1-0

[Event "Individual Zaragoza Primera 2015"]
[Site ""]
[Date "2015.10.04"]
[Round "2.21"]
[White "Soriano Martinez Adolfo"]
[Black "Pascual Sesé Lucas"]
[Result "0-1"]
[WhiteElo "1476"]
[BlackElo "1755"]

1.e4 d6 2.Nf3 Nd7 3.Bc4 e6 4.Nc3 Be7 5.O-O Ngf6 6.d4 Nb6 7.Bb3 c6 8.e5 Nfd5 9.
Bd2 h6 10.a3 Qc7 11.Re1 Nd7 12.Nxd5 cxd5 13.Rc1 b5 14.Ba2 Bb7 15.Bf4 g5 16.Bd2
Qc6 17.Bb1 O-O-O 18.Ba5 Rdg8 19.Ba2 g4 20.Nd2 dxe5 21.c4 dxc4 22.f3 exd4 23.
Nxc4 Bc5 24.Ne5 d3+ 25.Kf1 gxf3 26.Nxf3 Kb8 27.Qxd3 Rxg2 28.Kxg2 Rg8+ 29.Kf1
Rg1+ 30.Ke2 Rg2+ 31.Kd1 Qxf3+ 32.Qe2 Rxe2 33.Rxe2 Qf1+ 34.Kd2 Qf4+ 35.Kc2 Be4+
36.Rxe4 Qxe4+ 37.Kd1 Qd3+ 38.Bd2 Be3 0-1

[Event "Individual Zaragoza Primera 2015"]
[Site ""]
[Date "2015.10.04"]
[Round "2.22"]
[White "Pellicer Sancho Rafael José"]
[Black "Arteaga Jimenez Francisco"]
[Result "1-0"]
[WhiteElo "1739"]
[BlackElo "1622"]

1.d4 Nf6 2.c4 g6 3.Nc3 Bg7 4.Nf3 d6 5.e4 Bg4 6.h3 Bxf3 7.Qxf3 e5 8.d5 O-O 9.
Bg5 Nbd7 10.Bd3 c6 11.O-O Qc7 12.Qe3 Rfe8 13.Bh6 Bh8 14.Rac1 Nc5 15.Bc2 Nh5
16.g4 Nf6 17.b4 Ncd7 18.Ne2 Rec8 19.Ng3 cxd5 20.Nf5 gxf5 21.Qg5+ 1-0

[Event "Individual Zaragoza Primera 2015"]
[Site ""]
[Date "2015.10.04"]
[Round "2.23"]
[White "Manguez Cambra José Luis"]
[Black "Redolar Cortés Angel"]
[Result "1-0"]
[WhiteElo "1712"]
[BlackElo "1567"]

1.d4 e6 2.Nf3 d5 3.e3 Nf6 4.Bd3 c5 5.c3 Nc6 6.Nbd2 Be7 7.O-O a6 8.Qe2 b5 9.
dxc5 Bxc5 10.e4 O-O 11.e5 Nd7 12.Ne4 Bb7 13.Nxc5 Nxc5 14.Bxh7+ Kxh7 15.Ng5+
Kg8 16.Qh5 Re8 17.Qxf7+ Kh8 18.Qh5+ Kg8 19.Qh7+ Kf8 20.Qh8+ Ke7 1-0